Space Life Matter/ (Record no. 206626)

MARC details
000 -LEADER
fixed length control field 00662nam a22002057a 4500
005 - DATE AND TIME OF LATEST TRANSACTION
control field 20241023130246.0
010 ## - LCCN (DPL NO)
LC control number ENG-142309
020 ## - INTERNATIONAL STANDARD BOOK NUMBER
Terms of availability 599.00
International Standard Book Number 9789391028664
035 ## - SYSTEM CONTROL NUMBER
System control number EN-125841
037 ## - SOURCE OF ACQUISITION
Source of stock number/acquisition DBAD
082 ## - DEWEY DECIMAL CLASSIFICATION NUMBER
Classification number 500
Edition number 1
100 ## - MAIN ENTRY--PERSONAL NAME
Personal name Pulakkat, Hari
245 ## - TITLE STATEMENT
Title Space Life Matter/
Statement of responsibility, etc by Hari Pulakkat
250 ## - EDITION STATEMENT
Edition statement 1
260 ## - PUBLICATION, DISTRIBUTION, ETC. (IMPRINT)
Place of publication, distribution, etc Gurugram
Name of publisher, distributor, etc Hachette Book Publishing India Pvt.Ltd
Date of publication, distribution, etc 2021
270 ## - ADDRESS
City Gurugram
Address 4th & 5th Floors, Corporate Centre Plot No.94, Sector44,
Postal code 122003
Electronic mail address www.hachetteindia.com
300 ## - PHYSICAL DESCRIPTION
Extent xxii,314p.
Dimensions 21cm(pb)
500 ## - GENERAL NOTE
General note The Coming of Age of Indian Science
942 ## - ADDED ENTRY ELEMENTS (KOHA)
Source of classification or shelving scheme Dewey Decimal Classification
Item type English Books
Classification part 500
Call number suffix PUL
Edition 1
Holdings
Withdrawn status Lost status Not for loan Collection code Home library Current library Date acquired Source of acquisition Cost, normal purchase price Full call number Barcode Copy number Cost, replacement price Koha item type
    Not For Loan Non-fiction D.B.Act.Division D.B.Act.Division 23/10/2024 Delivery of Books Act Division 599.00 500 PUL EN-125841 1 599.00 English Books

© Delhi Public Library
Hit Counter
free hit counter